| 000 | 00479nam a22001697a 4500 | ||
|---|---|---|---|
| 003 | 0 | ||
| 005 | 20231218123348.0 | ||
| 008 | 231218b xxu||||| |||| 00| 0 eng d | ||
| 050 |
_aTR _bTa143 2013 |
||
| 082 |
_aTR _bTa143 2013 |
||
| 100 | _aPotter, Beatrix | ||
| 245 |
_aThe tale of Mr. Jeremy Fisher _cBeatrix Potter |
||
| 260 |
_aLondon _bFrederick Warne _cc2013. |
||
| 300 |
_a29 pages : _bcolored illustrations ; _c20 cm. |
||
| 650 | _aChildren's stories. | ||
| 942 |
_2ddc _cBK |
||
| 999 |
_c365750 _d365750 |
||